|
|
|
|
| LEADER |
00000nam a2200000 a 4500 |
| 001 |
UCU6610 |
| 003 |
CL-VaPUC |
| 008 |
960621e19700000SP |||||||||||||||||spa|d |
| 082 |
0 |
4 |
|a 388.4
|b VAL
|2 21
|
| 100 |
0 |
|
|a Valero Calvete, F. Javier
|e author
|9 364890
|
| 245 |
1 |
0 |
|a Transportes urbanos
|
| 300 |
|
|
|a 330 p
|
| 942 |
|
|
|c BK
|
| 945 |
|
|
|d 19960621 00:00:00
|a lriquelm
|
| 260 |
|
|
|a Madrid
|b Dossat
|c 1970
|
| 650 |
|
0 |
|a Transporte urbano
|9 260307
|
| 650 |
|
7 |
|a TRANSPORTE
|2 CL-VaPUC
|9 256365
|
| 650 |
|
0 |
|a Autobuses
|9 359340
|
| 650 |
|
0 |
|a Vehículos de motor
|9 428686
|
| 650 |
|
0 |
|a Planificación urbana
|9 258176
|
| 583 |
|
|
|a last modification
|c 19960621 00:00:00
|k Rodrigo Vera
|
| 999 |
|
|
|c 249463
|d 249461
|
| 952 |
|
|
|0 0
|1 0
|4 0
|6 388_400000000000000_VAL_1970
|7 0
|8 A
|9 266735
|a BIBING
|b BIBING
|d 2019-11-19
|i 1689371
|o 388.4 VAL 1970
|p 1689371
|r 2025-01-20
|w 2019-11-19
|y BK
|k GEO
|
| 952 |
|
|
|0 0
|1 0
|4 0
|6 388_400000000000000_VAL_1970
|7 0
|8 A
|9 266736
|a BIBING
|b BIBING
|d 2019-11-19
|i 1691244
|o 388.4 VAL 1970
|p 1691244
|r 2025-01-20
|w 2019-11-19
|y BK
|k TRA
|